000 00992nam a2200217Ii 4500
003 JO-AjNU
008 230605s9999||||xx |||||||||||||| ||und||
020 _a978-9953-36-205-X
040 _aJO-AjNU
_bara
_erda
_cJO-AjNU
041 _aara
050 1 4 _aKMS205.S2943.2008
100 3 _aالسيد، حسن بن عبدالرحيم,
_eauthor
_953018
245 0 0 _aوقفات دستورية : محاولة لنشر الثقافة الدستورية في المجتمع القطري
250 _aط1
264 3 1 _aبيروت : المؤسسة العربية للدراسات، 2008
300 _a350ص
_bيشتمل على مراجع ببلوغرافية ص (335-339)
336 _atext
_btxt
_2rdacontent
337 _aunmediated
_bn
_2rdamedia
338 _avolume
_bnc
_2rdacarrier
650 4 _aالقانون الدستوري -- قطر -- مقالات ومحاضرات -- القانون الدستوري -- مقالات ومحاضرات -- القانون الإداري -- قطر
_953019
999 _aA23520
_c27088
_d27088